000 00376nam a22001217a 4500
003 SGT
082 _a200
_bG18R
100 _aराय, चंद्रप्रकाश
245 _aग्रामोदय :चिंतन और आयाम
260 _bपं. दीनदयाल उपाधयाय स्मारक
_c2018
300 _a153
942 _2ddc
_cBK
999 _c31795
_d31795